Statistics for Click the Mitski Song Title Ending

Click here to take the quiz!

General Stats

  • This quiz has been taken 174 times
  • The average score is 22 of 25

Answer Stats

HintAnswer% Correct
I Bet on LosingDogs
94%
Washing MachineHeart
94%
StrawberryBlond
93%
Me & MyHusband
93%
FrancisForever
92%
Bug Like anAngel
91%
Your Best AmericanGirl
91%
LiquidSmooth
91%
CrackBaby
90%
Bag ofBones
90%
A BurningHill
90%
Goodbye, My DanishSweetheart
90%
Last Words of aShooting Star
88%
Brand NewCity
87%
Pink in theNight
87%
JoblessMonday
85%
I Don’tSmoke
85%
Come Into theWater
85%
Dan theDancer
84%
TexasReznikoff
81%
The OnlyHeartbreaker
80%
Working For theKnife
80%
LonesomeLove
80%
I Don’t Like MyMind
79%
BuffaloReplaced
65%

Score Distribution

Percentile by Number Answered

Percent of People with Each Score

Your Score History

You have not taken this quiz